000 01467nam a2200349 i 4500
003 EG-GICUC
005 20260416160106.0
008 260414s1964 fr d|||fr|||| 000 0 Fre d
040 _aEG-GiCUC
_bfre
_cEG-GiCUC
_dEG-GiCUC
_eRda
041 0 _afre
082 0 4 _221
_a343.4073
_bI N . S
092 0 4 _221
099 _aLaw1 10 343.4073 I N . S 1964
110 2 _auniversité De Paris.
_bInstitut De Droit Compare
245 1 3 _aLe Système Pénal Des États-unis D'amerique /
_cInstitut De Droit Compare De L'université De Paris ; Ouvrage Publié Sous La Direction De Mare Ancel Et Louis B. Schwartz
264 1 _aParis :
_bLes Éditions De L'épargne,
_c1964.
300 _a273 page, pages non numérotées :
_btableaux ;
_c 24 cm.
336 _2rda contenu
_a texte
337 _2rda medias
_aOrdinateur
338 _2 transporteur rda
_a Ressource en ligne
490 0 _aLes Grands Systèmes De Droit Pénal Contemporains ;
_v3
500 _aSous Les Auspices Du Centre Français De Droit Compare Avec Le Concours Du Centre National De La Recherche Scientifiqueles Éditions De L'épargne
504 3 _aComprend des références bibliographiques.
546 _aTexte en français
650 1 _aDroit pénal
_2qrmak
651 1 _2qrmak
700 1 _aAncel, Mare
_eContributeur
700 1 _aB. Schwartz , Louis
_eContributeur
856 4 0 _uhttps://fll.law.cu.edu.eg/fulltext/bks/B10-09555.pdf
905 _a62
942 _2ddc
_n0
_cBK
_e21
999 _c70951
_d70951